| 000 -LEADER |
| fixed length control field |
00385nam a22001455a 4500 |
| 003 - CONTROL NUMBER IDENTIFIER |
| control field |
OSt |
| 005 - DATE AND TIME OF LATEST TRANSACTION |
| control field |
20240117115105.0 |
| 008 - FIXED-LENGTH DATA ELEMENTS--GENERAL INFORMATION |
| fixed length control field |
990407s1996 enk 000 0 eng |
| 020 ## - INTERNATIONAL STANDARD BOOK NUMBER |
| International Standard Book Number |
9781873394175 |
| 100 1# - MAIN ENTRY--PERSONAL NAME |
| Personal name |
Highfield |
| 245 10 - TITLE STATEMENT |
| Title |
Conservation of stone in North American buildings / |
| Statement of responsibility, etc |
Highfield. |
| 260 ## - PUBLICATION, DISTRIBUTION, ETC. (IMPRINT) |
| Place of publication, distribution, etc |
London : |
| Name of publisher, distributor, etc |
Chapman and Hall, |
| Date of publication, distribution, etc |
1996. |
| 300 ## - PHYSICAL DESCRIPTION |
| Extent |
p.; |
| Dimensions |
cm. |
| 942 ## - ADDED ENTRY ELEMENTS (KOHA) |
| Source of classification or shelving scheme |
|